000
00252nam a2200097Ia 4500
008
240331s9999 xx 000 0 und d
082
_b
FER
100
_a
Fernando, B
245
0
_a
Power conscience :
_b
the excommunication of Dr. Tissa Balasuriya
942
_c
L
999
_c
1347
_d
1347